Pama Arriba...un fruto maduro en recuerdos

Gardado en:
Detalles Bibliográficos
Autor Principal: Carvajal Rojas, Pedro (autor)
Outros autores: Mandiola Grecco, Diego (Editor)
Formato: Libro
Idioma:Lingua castelá
Publicado: Viña del Mar, Chile: Consejo Nacional de la Cultura y las Artes, 2010.
Edición:Primera Edición.
Subjects:
Tags: Engadir etiqueta
Sen Etiquetas, Sexa o primeiro en etiquetar este rexistro!

MARC

LEADER 00000cam a2200000 a 4500
001 UCG3030
003 CL-VaPUC
005 20241022093634.0
008 100805e20100200CL |||||||||||||||||spa|d
999 |c 342129  |d 342127 
040 |c Pontificia Universidad Católica de Valparaíso 
082 0 4 |a 983.235 CAR 2010  |2 21 
100 0 |a Carvajal Rojas, Pedro  |e autor  |9 551788 
245 1 0 |a Pama Arriba...un fruto maduro en recuerdos 
250 |a Primera Edición. 
260 |a Viña del Mar, Chile:  |b Consejo Nacional de la Cultura y las Artes,  |c 2010. 
300 |a 199 páginas :  |b  ilustraciones.  
500 |a c. Fondo Budge. Donación profesor Sr. Eduardo Cavieres. 05-08-2019. Dedicatoria: "Para un profesor que según mi apreciación tiene mucho de este arriero montañés, la sabiduría de formar y legar a los futuras generaciones, sus conocimientos..... Julio 2010. 
583 |a last modification  |c 20190809 08:54:13  |k Rodrigo Vera 
651 |a Combarbalá  |x Historia   |x Arrieros  |9 892561 
700 |a Mandiola Grecco, Diego  |e editor  |9 892562 
942 |c BK  |2 ddc 
945 |d 20100805 00:00:00  |a mfarfan 
952 |0 0  |1 0  |4 0  |6 983_235000000000000_CAR_2010  |7 0  |8 A  |9 438116  |a BIBHIS  |b BIBHIS  |d 2019-11-22  |i 4702832  |o 983.235 CAR 2010  |p 4702832  |r 2025-01-20  |w 2019-11-22  |y BK  |k HIS 
952 |0 0  |1 0  |3 erb  |4 0  |6 983_235000000000000_CAR_2010  |7 0  |8 X  |9 438117  |a FDOBUD  |b FDOBUD  |i 5594413  |o 983.235 CAR 2010  |p 5594413  |r 2019-11-22  |w 2019-11-22  |y BK_X  |z Catalogado en:20190809  |k BUD